00918nam a2200193 a 450000100100000000500170001000800410002704000250006808200130009324500970010626000540020330000350025759000270029270000430031995201170036295201110047995201170059099900170070700004765920201002060648.0180716s2017 dr ac 000 0 spa d aDO-SdBNPbspacBNPHU axxxbxxx00aJesuitas :bla misión en República Dominicana /cpresentación Javier Vidal González. aSanto Domingo, :bCompañía de Jesús,c2017. a31 p. :bil., retrs. ;c27 cm. aInventariado, 2018/ YL1 aVidal González, Javierepres.975267 0010718DSaGRbGRcCTd2018-07-16iLF1l0oxxx xxxp47659-30r2020-06-25te. 3w2020-06-25yLFDSZNo se presta 0010718PDaPDbPDcCTd2018-07-16iLF1l0oxxx xxxp47659-10r2020-06-25w2020-06-25yLFPDZNo se presta 0010718PDaPDbPDcCTd2018-07-16iLF1l0oxxx xxxp47659-20r2020-06-25te. 2w2020-06-25yLFPDZNo se presta c47147d47147